000 00535nam a22001817a 4500
999 _c9127
_d9127
008 210323b ||||| |||| 00| 0 eng d
040 _aBMS College of Architecture
100 _aGandhi, Varun
245 _aA 7 star hotel - Bangalore
300 _a90p.
500 _a1BM05AT054
502 _8B.Arch
_NBMS College of Architecture, Visvesvaraya Technological University
_aProject report
_d2011
650 _aHotel
650 _aBangalore
700 _aSindhu Srikanth
_eGuide
700 _aK R Madhu Chand
_eGuide
942 _2ddc
_cTHE